• 首页
  • 本馆介绍
  • 公告通知
  • 最新文献
  • 馆藏检索
  • 电子资源
  • 读者导购
  • 参考咨询
  • 我的图书馆
  • 登录
  • 详细信息显示
  • 放入我的书架
  • 预约/预借图书
  • 作者相关作品
  • 分类相关作品
  • 丛书相关作品
  • 出版社相关作品

书目信息

  • 表格格式
  • 工作单格式
  • 卡片格式
题名:
精神生活·意志
    
 
作者: 汉娜·阿伦特 ;姜志辉
分册:  
出版信息: 南京   江苏教育出版社  2006
页数: 285
开本: 20cm
丛书名:
单 册:
中图分类: B7
科图分类:
主题词: 哲学--美洲
电子资源:
ISBN: 7-5343-7491-X
000 00572nam0 2200193 450
001 0757995392
005 20071007160635.39
010    @a7-5343-7491-X@d25
100    @a20071007d km y0chiy0120 ea
101 0  @achi
200 1  @a精神生活·意志@Ajing shen sheng huo·yi zhi@f汉娜·阿伦特@Fhan na·a lun te@g姜志辉@Gjiang zhi hui
210    @a南京@c江苏教育出版社@d2006
215    @a285@d20cm
606 0  @a哲学@x美洲
690    @aB7@v3
701  0 @a汉娜·阿伦特@Ahan na·a lun te
702  0 @a姜志辉@Ajiang zhi hui
801  0 @aCN@bPFT@c20071007
905    @a213230@dB7@ea2@f1
    
    精神生活·意志/汉娜·阿伦特/姜志辉.-南京:江苏教育出版社,2006
    285;20cm
    
    
    ISBN 7-5343-7491-X:25
    
●
相关链接 在E读中查询图书 在五车中查询图书 在当当中查询图书 在豆瓣中查询图书


正题名:精神生活·意志     索取号:B7/a2         预约/预借

序号 登录号 条形码 馆藏地/架位号 状态 备注
1 7507113   275071137   史法系资料室/ [索取号:B7/a2] 在馆    
唐山师范学院图书馆 欢迎您!
大连网信软件有限公司© 版权所有